<?xml version="1.0" encoding="UTF-8"?><?xml-stylesheet type="text/xsl" href="static/style.xsl"?><OAI-PMH xmlns="http://www.openarchives.org/OAI/2.0/" xmlns:xsi="http://www.w3.org/2001/XMLSchema-instance" xsi:schemaLocation="http://www.openarchives.org/OAI/2.0/ http://www.openarchives.org/OAI/2.0/OAI-PMH.xsd"><responseDate>2026-05-11T20:26:30Z</responseDate><request verb="GetRecord" identifier="oai:riubu.ubu.es:10259/10338" metadataPrefix="marc">https://riubu.ubu.es/oai/request</request><GetRecord><record><header><identifier>oai:riubu.ubu.es:10259/10338</identifier><datestamp>2025-03-18T01:05:36Z</datestamp><setSpec>com_10259_4292</setSpec><setSpec>com_10259_5086</setSpec><setSpec>com_10259_2604</setSpec><setSpec>com_10259_5827</setSpec><setSpec>col_10259_4293</setSpec><setSpec>col_10259_5828</setSpec></header><metadata><record xmlns="http://www.loc.gov/MARC21/slim" xmlns:doc="http://www.lyncode.com/xoai" xmlns:xsi="http://www.w3.org/2001/XMLSchema-instance" xmlns:dcterms="http://purl.org/dc/terms/" xsi:schemaLocation="http://www.loc.gov/MARC21/slim http://www.loc.gov/standards/marcxml/schema/MARC21slim.xsd">
<leader>00925njm 22002777a 4500</leader>
<datafield tag="042" ind1=" " ind2=" ">
<subfield code="a">dc</subfield>
</datafield>
<datafield tag="720" ind1=" " ind2=" ">
<subfield code="a">Beriain, María José</subfield>
<subfield code="e">author</subfield>
</datafield>
<datafield tag="720" ind1=" " ind2=" ">
<subfield code="a">Ibáñez, Francisco C.</subfield>
<subfield code="e">author</subfield>
</datafield>
<datafield tag="720" ind1=" " ind2=" ">
<subfield code="a">Beruete, Edurne</subfield>
<subfield code="e">author</subfield>
</datafield>
<datafield tag="720" ind1=" " ind2=" ">
<subfield code="a">Gómez Bastida, Inmaculada</subfield>
<subfield code="e">author</subfield>
</datafield>
<datafield tag="720" ind1=" " ind2=" ">
<subfield code="a">Beruete, Miguel</subfield>
<subfield code="e">author</subfield>
</datafield>
<datafield tag="260" ind1=" " ind2=" ">
<subfield code="c">2021</subfield>
</datafield>
<datafield tag="520" ind1=" " ind2=" ">
<subfield code="a">The aim of this research was to estimate the fatty acid (FA) content of intramuscular fat from beef by Fourier transform mid-infrared (FT-MIR) spectroscopy. Four diets were supplemented in 10% linseed (LS) and/or 2% conjugated linoleic acid (CLA): CON (without L or CLA), LS, CLA, and LS+CLA. For each diet, 12 young Holstein bulls were allocated. The spectral response of the beef samples was analyzed applying FT-MIR spectroscopy (from 400 to 4000 cm−1) and predictive models were developed using partial least square regression with cross-validation. The obtained coefficients (R2) for some FA, such as α-linolenic acid with a R2 = 0.96 or n-3 polyunsaturated fatty acids (n-3 PUFA) with R2 = 0.93, demonstrate that FT-MIR spectroscopy is a valid technique to estimate the content of FA. In addition, samples were correctly classified according to the animal diet using discriminant analysis in the region 3000–1000 cm−1. The obtained results suggest that the FT-MIR spectroscopy could be a viable technique for routine use in quality control because it provides fast and sustainable analysis of FA content. Furthermore, this technique allows the rapid estimation of the FA composition, specifically n-3 PUFA and CLA, of nutritional interest in meat. It also allows the classification of meat samples by the animal diet.</subfield>
</datafield>
<datafield tag="024" ind2=" " ind1="8">
<subfield code="a">http://hdl.handle.net/10259/10338</subfield>
</datafield>
<datafield tag="024" ind2=" " ind1="8">
<subfield code="a">10.3390/foods10010155</subfield>
</datafield>
<datafield tag="024" ind2=" " ind1="8">
<subfield code="a">2304-8158</subfield>
</datafield>
<datafield ind1=" " ind2=" " tag="653">
<subfield code="a">FT-MIR spectroscopy</subfield>
</datafield>
<datafield ind1=" " ind2=" " tag="653">
<subfield code="a">Beef</subfield>
</datafield>
<datafield ind1=" " ind2=" " tag="653">
<subfield code="a">N-3 fatty acids</subfield>
</datafield>
<datafield ind1=" " ind2=" " tag="653">
<subfield code="a">Prediction models</subfield>
</datafield>
<datafield tag="245" ind1="0" ind2="0">
<subfield code="a">Estimation of Fatty Acids in Intramuscular Fat of Beef by FT-MIR Spectroscopy</subfield>
</datafield>
</record></metadata></record></GetRecord></OAI-PMH>